Leadership a kreativní průmysl vysokoškolské učební texty
Na minha lista:
| Autor principal: | |
|---|---|
| Outros Autores: | , , |
| Formato: | Livro |
| Idioma: | tcheco |
| Publicado em: |
České Budějovice
Vysoká škola evropských a regionálních studií
2024
|
| Edição: | 1. vydání |
| Assuntos: | |
| Tags: |
Sem tags, seja o primeiro a adicionar uma tag!
|
MARC
| LEADER | 00000nam a2200000 4500 | ||
|---|---|---|---|
| 001 | 0304716 | ||
| 005 | 20260226154624.3 | ||
| 020 | |a 978-80-7556-148-0 | ||
| 041 | 0 | |a cze | |
| 044 | |a CZ | ||
| 245 | 1 | 0 | |a Leadership a kreativní průmysl |b vysokoškolské učební texty |c Mária Barteková, Michal Konečný ; recenzenti: Jakub Soviar, Petra Pártlová |
| 250 | |a 1. vydání | ||
| 264 | 1 | |a České Budějovice |b Vysoká škola evropských a regionálních studií |c 2024 | |
| 300 | |a 90 s. [4,24 AH] | ||
| 610 | 2 | 0 | |a leadership |
| 610 | 2 | 0 | |a priemysel kreatívny |
| 610 | 2 | 0 | |a vodcovstvo |
| 610 | 2 | 0 | |a lídri |
| 610 | 2 | 0 | |a vedenie ľudí |
| 610 | 2 | 0 | |a motivácia pracovná |
| 610 | 2 | 0 | |a dôvera |
| 610 | 2 | 0 | |a ciele podnikové |
| 610 | 2 | 0 | |a hierarchia podniková |
| 610 | 2 | 0 | |a kultúra podniková |
| 610 | 2 | 0 | |a plánovanie strategické |
| 610 | 2 | 0 | |a rozhodovanie manažérske |
| 610 | 2 | 0 | |a inovácia |
| 610 | 2 | 0 | |a etika manažérska |
| 100 | 1 | |a Barteková, Mária, 1992- | |
| 700 | 1 | |a Konečný, Michal, 1993- | |
| 700 | 1 | |a Soviar, Jakub | |
| 700 | 1 | |a Pártlová, Petra | |